000 00270nam a2200109Ia 4500
008 220204s9999 xx 000 0 und d
082 _a551.45
_bLEO
100 _aLeopold, A Starker
245 0 _aDesert
260 _aNederland
_bTime Life International
_c1977
942 _cBK
999 _c35888
_d35888